Responses for show #1136 - Monday, July 10, 1989

1989 Senior Tournament quarterfinal game 1.

Contestants

Steve Haworth, a lawyer from Los Angeles, California

Markee Bourget, a housewife from West Saint Paul, Minnesota

Ouida Rellstab, a teacher from New Orleans, Louisiana

Jeopardy! Round responses

EUROPE
SHIPS
LEATHER
PRESIDENTIAL TRIVIA
THE OCCULT
"GIVE" & "TAKE"
    $100 6
Switzerland

Steve
    $100 1
the Savannah

Ouida
    $100 21
suede

Ouida
    $100 14
crystal balls

Ouida
    $100 11
["What is [*]?" is the entirety of Markee's response. Alex fills in the rest of the quote.]

"give" (rather than receive.)

Markee
    $200 7
Prague

Markee
    $200 2
Japan

Steve
    $200 22
(Steve: What is tannic acid?)

the hair

Steve
Triple Stumper
    $200 15
tarot cards

Markee
    $200 12
Markee: What is "My mother, take her please"?)
---
(Alex: It's definitely not the mother, Markee. It was the wife.)

"My wife, take her please." ("Take my wife, please.")

OuidaMarkee
    $300 8
Yugoslavia

Steve
    $300 3
triangles

Steve
    $300 23
[Ouida, struggling to ring in, begins to respond.]
(Alex: You've got to ring in Ouida.)
(Ouida: I am.)
[Rings in.]
(Ouida: What is [*]?)
(Alex: No...yes, we'll accept that. Parchment, [*].)
[Ouida's score drops to 500, then goes back up to 800, then finally to 1100.]

sheepskin (parchment)

Ouida
    $300 16
alchemy

Ouida
    $300 13
Take Me Out to the Ballgame

Markee
    $400 9
(Ouida: Who are the Huns?)
--
(Markee: [attempting to ring in] Who are...)(Alex: Markee, you seem to be having some trouble ringing in. Do it now.)

Magyars

OuidaMarkee
    $400 4
Cunard

Steve
    $400 24
patent leather

Ouida
    $400 17
(the) Ouija

Ouida
    $400 19
(Steve: Who is Tammy Bakker?)
--
(Alex: Who is[*]? She was married to heavyweight champion Mike Tyson?)

Robin Givens

Steve
Triple Stumper
    $500 10
(Steve: What is Prussia?)

Bavaria

MarkeeSteve
    $500 5
the Achille Lauro

Steve
    $500 25
[End of round noise sounds.]

a tannery

Steve
    $500 18
telekinesis

Ouida
    $500 20
(Ouida: [No answer].)
---
(Alex: From Emma Lazarus's poem, [*], from the Statue of Liberty.)

"Give me your tired, your poor, Your huddled masses..."

Ouida

Scores at the first commercial break (after clue 13):

Ouida Markee Steve
-$100 $1,300 $1,300

Scores at the end of the Jeopardy! Round:

Ouida Markee Steve
$1,500 $1,500 $1,200

Double Jeopardy! Round responses

PEOPLE
ZOOLOGY
ACADEMY AWARDS
U.S. STATES
'40s SONGS
THEY ALSO WROTE
    $200 6
bulletholes

Steve
    $200 16
trees

Triple Stumper
    $200 26
Mary Pickford

Markee
    $200 1
California

Steve
    $200 11
China

Steve
    $200 21
(Markee: Who is Mario...?)

Mario Puzo

OuidaMarkee
    $400 7
Julia Child

Steve
    $400 17
(Markee: What are leopards?)
(Steve: What are tigers?)

lions

MarkeeSteve
Triple Stumper
    $400 27
Glenn Close

Triple Stumper
    $400 2
the lottery

Steve
    $400 12
"Swinging On A Star"

Markee
    $400 22
(Alex: Minute to go in the round.)

James Michener

Steve
    $600 8
Arsenio Hall

Steve
    $600 18
shed its skin

Steve
    $600 28
Nurse Ratched

Steve
    $600 3
New York

Markee
    $1,700 13
[Before the music plays]
(Markee: What is "Mammy"?)
(Alex: Listen.)
(Markee: Oops.)

"The Anniversary Song"

Markee
    $600 23
Tennessee Williams

Markee
    $800 9
(Steve: Who is Patty Duke Astin?)
(Markee: Who is Dina Merrill?)

Marjorie Lord

MarkeeSteve
Triple Stumper
    $800 19
(Steve: What's a goose?)

a swan

OuidaSteve
    $800 4
Louisiana

Ouida
    $800 14
(Markee: What is heaven?)

seven

OuidaMarkee
    $800 24
John Steinbeck

Markee
    $1000 10
Barbara Bush

Steve
    $1000 20
gazelles

Ouida
    $1000 5
Kansas

Steve
    $1000 15
"Ac-Cent-Tchu-Ate The Positive"

Ouida
    $1000 25
Willa Cather

Ouida

Scores at the end of the Double Jeopardy! Round:

Ouida Markee Steve
$7,100 $3,600 $4,800

Final Jeopardy! Round responses

AMERICAN HISTORY
MarkeeWhat was V.P. of Confederacy?
$3,600
SteveWhat was
$2,400
OuidaWhat is VP of the Confeder
$3,601
Vice President of the Confederacy

Final scores:

Ouida Markee Steve
$10,701 $7,200 $2,400
Automatic semifinalist 2nd place: $1,000 3rd place: $1,000

Game dynamics:

Coryat scores:

Ouida Markee Steve
$7,600 $2,500 $4,800
16 R,
2 W
(including 1 DD)
12 R
(including 1 DD),
5 W
18 R,
6 W

Combined Coryat: $14,900

The J! Archive is created by fans, for fans. The Jeopardy! game show and all elements thereof, including but not limited to copyright and trademark thereto, are the property of Jeopardy Productions, Inc. and are protected under law. This website is not affiliated with, sponsored by, or operated by Jeopardy Productions, Inc. Join the discussion at JBoard.tv.